00435nam a2200145Ia 4500003000400000008004100004020002800045040000800073100002400081245008500105260002800190300001100218365001300229440004700242LDD181029s9999 xx 000 0 und d a9780415352352cP 855.00 cLDD aCulyrer, Anthony J. 0aHealth Economicsbcritical perspectives on the world economycAnthony J. Culyrer aLondonbRoutledgec2006 avol. 4 bP 855.00 aCritical Perspectives on the World Economy